|
|
|
|
| LEADER |
00000nam0a2200000 4500 |
| 001 |
28407 |
| 005 |
20260417112731.0 |
| 010 |
|
|
|a 5030030298
|
| 035 |
|
|
|a (RuTPU)RU\TPU\book\28663
|
| 035 |
|
|
|a BOOK00000388
|
| 090 |
|
|
|a 28407
|
| 100 |
|
|
|a 20011209d1994 k y0rusy50 ca
|
| 101 |
1 |
|
|a rus
|
| 102 |
|
|
|a RU
|
| 105 |
|
|
|a 001|y
|
| 200 |
0 |
|
|a Т. 1
|
| 210 |
|
|
|a Москва
|c Мир
|d 1994
|
| 215 |
|
|
|a 536 с.
|
| 320 |
|
|
|a Предм. указ.: с. 517-530
|
| 333 |
|
|
|a Исключено из фонда НТБ ТПУ
|
| 461 |
|
|
|t Турбо Паскаль для Windows
|o В 2-х т.; Пер. с англ
|f Н. Рубенкинг
|v Т. 1
|
| 610 |
1 |
|
|a программирование
|
| 610 |
1 |
|
|a языки программирования
|
| 610 |
1 |
|
|a Турбо Паскаль
|
| 610 |
1 |
|
|a среда программирования
|
| 610 |
1 |
|
|a Windows
|
| 610 |
1 |
|
|a инструментальные средства
|
| 610 |
1 |
|
|a объектно-ориентированное программирование
|
| 610 |
1 |
|
|a эффективные программы
|
| 675 |
|
|
|a 681.3.06
|v 3
|
| 700 |
|
1 |
|a Рубенкинг
|g Нейл
|
| 801 |
|
0 |
|a RU
|b 63413507
|c 20011209
|g PSBO
|
| 801 |
|
2 |
|a RU
|b 63413507
|c 20190122
|g RCR
|
| 942 |
|
|
|c BK
|